Countries With the Most Dogs - Statistics

General Stats
  • This quiz has been taken 74 times
  • The average score is 8 of 10
Answer Stats
Number Country % Correct
75.8 Million United States of America
100%
27.4 Million China
97%
35.7 Million Brazil
90%
10.2 Million India
90%
15.0 Million Russia
89%
7.4 Million France
81%
12.0 Million Japan
79%
9.2 Million Argentina
71%
11.6 Million Philippines
37%
4.1 Million Romania
16%
No matching quizzes found
Score Distribution
Percent of People with Each Score
Percentile by Number Answered
Your Score History
You have not taken this quiz